| 000 | 00739nam a2200253Ia 4500 | ||
|---|---|---|---|
| 001 | Para_4683 | ||
| 003 | CHAP | ||
| 008 | 220125s1955 xx 000 0 und d | ||
| 010 | _a203124 | ||
| 040 | _cCHAP | ||
| 090 | _aPA FOLLETO 2024 | ||
| 245 |
_aChemical weed control in small fruits and orchards / _c Department of Horticulture |
||
| 260 |
_aEast Lansing : _b Michigan State College |
||
| 300 | _a1 hoja desplegable | ||
| 440 |
_aMichigan. State College Ext. Folder; F-190 _9168737 |
||
| 650 |
_aMalas hierbas _x Control _970011 |
||
| 901 | _aPA FOLLETO 2024 | ||
| 902 | _aA | ||
| 905 | _a0000001955 EAS 0000000000 00 | ||
| 910 | _a1955 | ||
| 942 | _cPARA | ||
| 942 |
_cPARA _d1 |
||
| 999 |
_c203124 _d203124 |
||